[Event "FRA-ch U12 Girls"]
[Site "Saint Paul Trois Chateaux"]
[Date "2013.05.01"]
[Round "4"]
[White "Le Tanneur, Marie"]
[Black "Conti, Anne Marie"]
[Result "0-1"]
[WhiteElo "1504"]
[BlackElo "1311"]
[PlyCount "53"]
[EventDate "2013.04.28"]
[EventType "swiss"]
[EventRounds "9"]
[EventCountry "FRA"]
[SourceTitle "CBM 154 Extra"]
[Source "ChessBase"]
[SourceDate "2013.06.25"]
[SourceVersion "2"]
[SourceVersionDate "2013.06.25"]
[SourceQuality "1"]

1. e4 d6 2. d4 c6 3. Nc3 Nd7 4. Nf3 e5 5. Be3 Be7 6. Be2 Ngf6 7. h3 Qc7 8. 0-0 0-0 9. Qd2 b5 10. a3 Bb7 11. Bd3 Rfe8 12. Ne2 a6 13. b4 Bf8 14. Ng3 Rac8 15. c4 Rcd8 16. Rac1 Rb8 17. Qb2 h6 18. Rfd1 Ba8 19. cxb5 axb5 20. Qb3 Rec8 21. Qb2 Nb6 22. dxe5 Na4 23. Qb3 dxe5 24. Bb1 c5 25. bxc5 Bxc5 26. Bxc5 Nxc5 27. Qe3 0-1